One DIrection Quiz - Statistics

General Stats
  • This quiz has been taken 2,922 times
  • The average score is 17 of 25
Answer Stats
Hint Answer % Correct
Who is the oldest member? Louis
100%
Who is the mature one? Liam
98%
Who is the funny one? Niall
98%
Name of their bodyguard Paul
90%
Louis: Eye Color Blue
89%
Harry: Eye Color Green
89%
Liam: Eye Color Brown
88%
Niall: Original Hair Color Brown
88%
Louis: Age 20
80%
Zayn: Age 19
77%
Harry: Middle Name Edward
74%
Name of their Stylist Lou
72%
Little Mix member, dating Zayn Perrie
72%
Harry: Age 18
70%
Louis: Favorite Color Red
70%
Louis' Girlfriend Eleanor
69%
Niall: Favorite Color Blue
68%
Harry's Sister Name Gemma
68%
Name of their stylists' baby Lux
56%
Liam's (ex) Girlfriend Danielle
46%
Zayn's Middle Name Jawaad
43%
Niall's Brothers Name Greg
38%
Harry's ex Girlfriend Caroline Flack
23%
Louis' oldest sisters name Charlotte
22%
Liam: Celebrity Crush Leona Lewis
12%
No matching quizzes found
Score Distribution
Percent of People with Each Score
Percentile by Number Answered
Your Score History
You have not taken this quiz